[Event "Recife Tavares Memorial 2nd"]
[Site "Recife"]
[Date "2019.05.10"]
[Round "2"]
[White "Albuquerque, Thales F Aguiar G"]
[Black "Guerra, Thiago Ribeiro"]
[Result "0-1"]
[WhiteElo "1169"]
[BlackElo "1833"]
[PlyCount "78"]
[EventDate "2019.05.10"]
[EventType "swiss"]
[EventRounds "6"]
[EventCountry "BRA"]
[SourceTitle "CBM 190 Extra"]
[Source "ChessBase"]
[SourceDate "2019.07.15"]
[SourceVersion "1"]
[SourceVersionDate "2019.07.15"]
[SourceQuality "1"]

1. d4 Nf6 2. c4 e6 3. Nc3 d5 4. Bg5 Nbd7 5. f3 h6 6. Bh4 Be7 7. e4 dxe4 8. fxe4 Nxe4 9. Bxe7 Nxc3 10. Bxd8 Nxd1 11. Rxd1 Kxd8 12. Nf3 b6 13. Bd3 Bb7 14. 0-0 Nf6 15. d5 exd5 16. cxd5 Re8 17. Rfe1 Rxe1+ 18. Nxe1 Ke7 19. Bc4 Rd8 20. Nc2 Bxd5 21. Bxd5 Rxd5 22. Rxd5 Nxd5 23. Kf2 c5 24. Kf3 f5 25. Ne3 Nxe3 26. Kxe3 Ke6 27. Kd3 Kd5 28. b3 g5 29. Ke3 a5 30. Kd3 b5 31. Kc3 f4 32. Kd3 c4+ 33. bxc4+ bxc4+ 34. Kc3 g4 35. Kd2 Kd4 36. a3 c3+ 37. Kc2 f3 38. gxf3 gxf3 39. Kd1 c2+ 0-1

[Event "Recife Rafael Cabral Cup 6th"]
[Site "Recife"]
[Date "2018.09.30"]
[Round "5"]
[White "Albuquerque, Thales F Aguiar G"]
[Black "Caio, Francisco Ferreira"]
[Result "0-1"]
[WhiteElo "1169"]
[BlackElo "1655"]
[PlyCount "43"]
[EventDate "2018.09.28"]
[EventType "swiss"]
[EventRounds "6"]
[EventCountry "BRA"]
[SourceTitle "EXT 2020"]
[Source "ChessBase"]
[SourceDate "2019.10.17"]
[SourceVersion "1"]
[SourceVersionDate "2019.10.17"]
[SourceQuality "1"]

1. e4 c5 2. Nf3 Nc6 3. g3 g6 4. Bg2 Bg7 5. Nc3 d6 6. 0-0 Nf6 7. d3 0-0 8. Bg5 Rb8 9. Rb1 Bd7 10. Qd2 b5 11. a3 b4 12. Nd5 a5 13. Nxf6+ exf6 14. Bf4 Be6 15. d4 g5 16. d5 gxf4 17. dxc6 fxg3 18. fxg3 Qb6 19. Kh1 Qxc6 20. Rbd1 Qxe4 21. Qxd6 Qxc2 22. h4 0-1

[Event "Joao Pessoa Fischer Memorial 9th"]
[Site "Joao Pessoa"]
[Date "2018.03.17"]
[Round "3"]
[White "Albuquerque, Thales F Aguiar G"]
[Black "De Lima, Enzo Magalhaes"]
[Result "0-1"]
[WhiteElo "1730"]
[BlackElo "1475"]
[PlyCount "50"]
[EventDate "2018.03.16"]
[EventType "swiss"]
[EventRounds "6"]
[EventCountry "BRA"]
[SourceTitle "CBM 183 Extra"]
[Source "ChessBase"]
[SourceDate "2018.04.19"]
[SourceVersion "1"]
[SourceVersionDate "2018.04.19"]
[SourceQuality "1"]

1. e4 c6 2. d4 d5 3. exd5 cxd5 4. Nc3 Nc6 5. Bb5 Nf6 6. Bg5 Bg4 7. Nf3 e6 8. a3 Be7 9. 0-0 0-0 10. Qd3 h6 11. Bxf6 Bxf6 12. Bxc6 bxc6 13. Qa6 Qc8 14. Qxc8 Rfxc8 15. Ne5 Bf5 16. Rac1 Bxe5 17. dxe5 Rab8 18. b4 c5 19. bxc5 Rxc5 20. Ne2 Rbc8 21. c3 Bd3 22. Rfe1 Bxe2 23. Rxe2 Rxc3 24. Rxc3 Rxc3 25. a4 Rc1+ 0-1